Cultura política y democracia en el Ecuador : (Record no. 57202)

MARC details
000 -LEADER
campo de control de longitud fija 00603nam a2200157 4500
001 - NÚMERO DE CONTROL
campo de control 1546
005 - FECHA Y HORA DE LA ÚLTIMA TRANSACCIÓN
campo de control 20230410121048.0
008 - DATOS DE LONGITUD FIJA--INFORMACIÓN GENERAL
campo de control de longitud fija 060907n1998 dr spa
035 ## - NÚMERO DE CONTROL DEL SISTEMA
-- funglode1553
041 ## - CÓDIGO DE IDIOMA
Código de lengua del texto/banda sonora o título independiente ES
050 14 - SIGNATURA TOPOGRÁFICA DE LA BIBLIOTECA DEL CONGRESO
Número de clasificación JL 3031 B946c 1998
100 ## - ENTRADA PRINCIPAL--NOMBRE DE PERSONA
Nombre de persona Burbano de Lara, Felipe
245 1# - MENCIÓN DEL TÍTULO
Título Cultura política y democracia en el Ecuador :
Resto del título Una aproximación a nuestros vacíos. Demandas y conflictos sociales en el sistema político ecuatoriano /
Mención de responsabilidad, etc. Felipe Burbano de Lara, Carlos Arcos C
260 ## - PUBLICACIÓN, DISTRIBUCIÓN, ETC.
Lugar de publicación, distribución, etc. Quito :
Nombre del editor, distribuidor, etc. Corporación de Estudios para el Desarrollo - CORDES,
Fecha de publicación, distribución, etc. 1998
942 ## - ELEMENTOS DE ENTRADA SECUNDARIOS (KOHA)
Fuente del sistema de clasificación o colocación Clasificación de Library of Congress
Tipo de ítem Koha
Holdings
Estatus retirado Estado de pérdida Fuente del sistema de clasificación o colocación Estado de daño No para préstamo Colección Biblioteca de origen Biblioteca actual Ubicación en estantería Fecha de adquisición Serial enumeration / chronology Signatura topográfica completa Código de barras Visto por última vez Copia número Tipo de ítem Koha
    Clasificación de Library of Congress     Ciencias Sociales Biblioteca Juan Bosch Biblioteca Juan Bosch Ciencias Sociales (3er. Piso) 24/10/2018 1 JL 3031 B946c 1998 00000019533 24/10/2018 1